Cyclisme : Top 20 Cadel Evans Great Ocean Road Race 2024 - Statistiques

Statistiques générales
  • Ce quiz a été pris 11 fois
  • Le résultat moyen est 4 sur 20
Statistiques - réponses
Position Equipe Coureur % Correct
1er Groupama FDJ Laurence Pithie
100%
4eme Israel Premier Tech Corbin Strong
60%
17eme Israel Premier Tech Stephen Williams
60%
11eme Lidl Trek Bauke Mollema
40%
5eme Ineos Grenadier Jhonatan Narvaez
30%
16eme Team Jayco AlUla Luka Plapp
20%
2eme Lidl Trek Natnael Tesfatsion
20%
6eme Cofidis Axel Mariault
10%
3eme Intermarché Wanty Georg Zimmermann
10%
10eme Arkea B&B Hotel Louis Barré
10%
19eme Israel Premier Tech Nick Schultz
10%
15eme Lidl Trek Quinn Simmons
10%
20eme Israel Premier Tech Simon Clarke
10%
14eme EF Education Easypost Archie Ryan
0%
7eme DSM Firmenich PostNL Chris Hamilton
0%
8eme Astana Qazaqstan Team Christian Scaroni
0%
9eme EF Education Easypost Jonas Rutsch
0%
12eme Team Jayco AlUla Kelland O'brien
0%
18eme INEOS Grenadier Laurens De Plus
0%
13eme Cofidis Ruben Fernandez
0%
Aucun quiz correspondant
Distribution des résultats
% des personnes avec chaque résultat
Percentile par nombre de réponses
Votre historique - résultats
Vous n’avez pas pris ce quiz